000 01169nam a2200301 i 4500
001 183346
003 ES-MaACL
005 20231102132124.0
008 140327s2012 sp |||| |dspa d
020 _a978-84-9921-322-4
080 _a929.52 Borbón, Casa de (460)"19"
080 _a94(460)"1931/39"
080 _a94(460)"1939/75"
080 _a94(460)"1975/..."
100 1 _aLoperena, Josep Maria.
_9154629
245 1 3 _aEl poder desnudo :
_bcrónica de sátrapas, reyezuelos y otros redentores de la humanidad /
_cJosep Maria Loperena.
250 _a1ª ed.
260 _aBarcelona :
_bOctaedro,
_c2012.
300 _a383 p. ;
_c23 cm.
600 3 4 _aBorbón, Casa de-
_zEspaña-
_yS.XX.
_930354
651 4 _aEspaña-
_xHistoria-
_y1931-1939, II República.
_98283
651 4 _aEspaña-
_xHistoria-
_y1939-1975, Dictadura.
_9167928
651 4 _aEspaña-
_xHistoria-
_y1975-2014, Juan Carlos I.
_9167929
852 _aES-MaACL
_jA-13090
_9190285
_bR.149830
_cDEPO1
_dOlim: N-6090
_hDonación: Josep María Loperena
_gDedicatoria autógrafa del autor
903 _9154629
_aLoperena, Josep Maria
_ednr
942 _2udc
_cMONOGRAFIA
999 _c183346
_d183346